00515nam a2200169 a 45000010005000000030009000050080041000140400028000550820017000831000020001002450033001202600031001533000014001845050112001986500014003106500021003241380CO-ViMGA141112s2004 ck r 000 u spa d aCO-ViMGAbspacCO-ViMGA04a698.34 H655t1 aHolloway, David10aTeñido y barnizado fácil aMadrid : bCeleste, c1995 a48 p : il aPreparación de la madera 20 - - Elección y uso de los acabados de madera 32 - - Acabados avanzados 41 14aBARNIZADO14aMADERA - ACABADO